<?xml version="1.0" encoding="UTF-8"?>
<record
    xmlns:xsi="http://www.w3.org/2001/XMLSchema-instance"
    xsi:schemaLocation="http://www.loc.gov/MARC21/slim http://www.loc.gov/standards/marcxml/schema/MARC21slim.xsd"
    xmlns="http://www.loc.gov/MARC21/slim">

  <leader>00938na  a2200265   4500</leader>
  <controlfield tag="001">18276</controlfield>
  <controlfield tag="003">MIRAKIL</controlfield>
  <controlfield tag="005">20181213154813.0</controlfield>
  <controlfield tag="008">161115b        tu            000 0      </controlfield>
  <datafield tag="020" ind1=" " ind2=" ">
    <subfield code="a">9789751952639</subfield>
  </datafield>
  <datafield tag="040" ind1=" " ind2=" ">
    <subfield code="a">Milas</subfield>
    <subfield code="b">tur</subfield>
    <subfield code="c">TR-AnCHP</subfield>
  </datafield>
  <datafield tag="041" ind1=" " ind2=" ">
    <subfield code="a">tur</subfield>
  </datafield>
  <datafield tag="082" ind1=" " ind2=" ">
    <subfield code="a">368.44 </subfield>
    <subfield code="b">K91t 2012</subfield>
  </datafield>
  <datafield tag="090" ind1=" " ind2=" ">
    <subfield code="a">368.44 K91t 2012</subfield>
  </datafield>
  <datafield tag="100" ind1=" " ind2=" ">
    <subfield code="a">K&#xFC;&#xE7;&#xFC;kbayrak, M&#xFC;&#x15F;erref</subfield>
  </datafield>
  <datafield tag="245" ind1=" " ind2=" ">
    <subfield code="a">T&#xFC;rkiye'de i&#x15F;sizlik sigortas&#x131;n&#x131;n kapsam&#x131; ve i&#x15F;sizlik ve istihdam s&#xFC;resi a&#xE7;&#x131;s&#x131;ndan de&#x11F;erlendirilmesi</subfield>
    <subfield code="b">uzmanl&#x131;k tezi</subfield>
    <subfield code="c">M&#xFC;&#x15F;erref K&#xFC;&#xE7;&#xFC;kbayrak. </subfield>
  </datafield>
  <datafield tag="246" ind1=" " ind2=" ">
    <subfield code="a">uzmanl&#x131;k tezi</subfield>
  </datafield>
  <datafield tag="260" ind1=" " ind2=" ">
    <subfield code="a">Ankara</subfield>
    <subfield code="b">Kalk&#x131;nma Bakanl&#x131;&#x11F;&#x131;</subfield>
    <subfield code="c">2012</subfield>
  </datafield>
  <datafield tag="300" ind1=" " ind2=" ">
    <subfield code="a">200 s.</subfield>
    <subfield code="b">grf</subfield>
    <subfield code="c">23 sm.</subfield>
  </datafield>
  <datafield tag="490" ind1=" " ind2=" ">
    <subfield code="a">Kalk&#x131;nma Bakanl&#x131;&#x11F;&#x131; yay&#x131;nlar&#x131;</subfield>
    <subfield code="v">Yay&#x131;n no: 2834</subfield>
  </datafield>
  <datafield tag="504" ind1=" " ind2=" ">
    <subfield code="a">Dizin ve kaynak&#xE7;a var</subfield>
  </datafield>
  <datafield tag="650" ind1=" " ind2=" ">
    <subfield code="a">&#x130;&#x15F;sizlik sigortas&#x131;</subfield>
    <subfield code="z">T&#xFC;rkiye</subfield>
  </datafield>
  <datafield tag="710" ind1=" " ind2=" ">
    <subfield code="a">Kalk&#x131;nma Bakanl&#x131;&#x11F;&#x131;</subfield>
    <subfield code="b">Sosyal Sekt&#xF6;rler ve Koordinasyon Genel M&#xFC;d&#xFC;rl&#xFC;&#x11F;&#xFC;</subfield>
  </datafield>
  <datafield tag="942" ind1=" " ind2=" ">
    <subfield code="2">dcc</subfield>
    <subfield code="c">BKS</subfield>
  </datafield>
  <datafield tag="952" ind1=" " ind2=" ">
    <subfield code="a">0001</subfield>
    <subfield code="b">0001</subfield>
    <subfield code="d">2016-11-15</subfield>
    <subfield code="e">2</subfield>
    <subfield code="l">0</subfield>
    <subfield code="o">368.44 K91t 2012</subfield>
    <subfield code="p">009844</subfield>
    <subfield code="r">2016-11-15 00:00:00</subfield>
    <subfield code="v">0.00</subfield>
    <subfield code="w">2016-11-15</subfield>
    <subfield code="y">BKS</subfield>
  </datafield>
  <datafield tag="999" ind1=" " ind2=" ">
    <subfield code="c">1125</subfield>
    <subfield code="d">1125</subfield>
  </datafield>
</record>
